000 00717nam a2200289Ia 4500
005 20260324124910.0
008 008 260324s9999 xx 000 0 eng d
020 _a9781315263458
037 _aEBOOK
040 _aCRL
040 _beng
040 _cCRL
041 _2eng
041 _aeng
084 _qCRL
100 _aYordanka Valkanova; John Eade
_91175925
245 0 _aAccession and Migration
245 0 _bChanging Policy, Society, and Culture in an Enlarged Europe
260 _bTaylor and Francis
260 _c2009
365 _a
365 _b150
856 _uhttp://www.taylorfrancis.com/books/9781315263458
942 _cEBOOK
999 _c1770718
_d1770718